Techniques of melt crystallization /

Bibliographic Details
Main Author: Sloan, Gilbert J.
Other Authors: McGhie, Andrew R.
Format: Book
Language:English
Published: New York : Wiley, [1988]
Series:Techniques of chemistry ; v. 19.
Subjects:

MARC

Tag First Indicator Second Indicator Subfields
LEADER 00000cam a2200000 a 4500
001 in00000006927
005 20151004070013.0
008 871215s1988 nyua b 00110 eng d
010 |a  85649508  
020 |a 0471078751 
035 |a (OCoLC)17243381 
035 |9 AAA1388AM 
040 |a CIT  |c CIT  |d OCL  |d MDU  |d TXA  |d UtOrBLW 
049 |a TXAM  |c [A12543087] 
050 4 |a QD61  |b .T4 v.19 
100 1 |a Sloan, Gilbert J. 
245 1 0 |a Techniques of melt crystallization /  |c Gilbert J. Sloan, Andrew R. McGhie. 
264 1 |a New York :  |b Wiley,  |c [1988] 
264 4 |c ©1988 
300 |a xi, 532 pages :  |b illustrations ;  |c 24 cm. 
336 |a text  |b txt  |2 rdacontent 
337 |a unmediated  |b n  |2 rdamedia 
338 |a volume  |b nc  |2 rdacarrier 
490 1 |a Techniques of chemistry ;  |v v. 19 
500 |a "A Wiley-Interscience publication." 
504 |a Includes bibliographical references and index. 
650 0 |a Crystallization. 
650 0 |a Zone melting. 
700 1 |a McGhie, Andrew R. 
830 0 |a Techniques of chemistry ;  |v v. 19. 
999 |a MARS 
999 f f |s e5378c66-8aee-3635-9dbc-c1306e975442  |i 34a97cae-15aa-3305-8c4a-a7f7a0d4a4d7  |t 0 
952 f f |p ric  |a Texas A&M University  |b Rellis Campus  |c Joint Library Facility  |d Remote Storage  |t 0  |e QD61 .T4 v.19  |h Library of Congress classification  |i unmediated -- volume  |m A14812543087 
998 f f |a QD61 .T4 v.19  |t 0  |l Remote Storage